Fundamentals of molecular virology (Record no. 5655)

MARC details
000 -LEADER
fixed length control field 00540 a2200205 4500
001 - CONTROL NUMBER
control field 131119
003 - CONTROL NUMBER IDENTIFIER
control field OSt
005 - DATE AND TIME OF LATEST TRANSACTION
control field 20210907174227.0
008 - FIXED-LENGTH DATA ELEMENTS--GENERAL INFORMATION
fixed length control field
020 ## - INTERNATIONAL STANDARD BOOK NUMBER
International Standard Book Number 9780470900598
082 ## - DEWEY DECIMAL CLASSIFICATION NUMBER
Classification number 616.9101
Item number A45F
100 1# - MAIN ENTRY--PERSONAL NAME
Personal name Acheson, Nicholas H.E.
245 1# - TITLE STATEMENT
Title Fundamentals of molecular virology
Statement of responsibility, etc by Nicholas H.E. Acheson
250 ## - EDITION STATEMENT
Edition statement 2nd ed.
260 ## - PUBLICATION, DISTRIBUTION, ETC. (IMPRINT)
Place of publication, distribution, etc Hoboken
Name of publisher, distributor, etc John Wiley & Sons
Date of publication, distribution, etc 2011
300 ## - PHYSICAL DESCRIPTION
Extent 500p.
630 ## - SUBJECT ADDED ENTRY--UNIFORM TITLE
Uniform title Biotechnology
690 ## - LOCAL SUBJECT ADDED ENTRY--TOPICAL TERM (OCLC, RLIN)
Topical term or geographic name as entry element Molecular virology; Viruses
942 ## - ADDED ENTRY ELEMENTS (KOHA)
Source of classification or shelving scheme Dewey Decimal Classification
Koha item type Books
Holdings
Withdrawn status Lost status Damaged status Not for loan Home library Current library Date acquired Cost, normal purchase price Total Checkouts Full call number Barcode Date last seen Price effective from Koha item type Source of classification or shelving scheme Collection code Source of acquisition Date checked out
        Central University Of Rajasthan Central University Of Rajasthan 12/03/2014 0.00   616.9101 A45F 12968 21/11/2024 02/09/2020 Books        
        Central University Of Rajasthan Central University Of Rajasthan 08/06/2012 51.95 1 616.9101 A45F 07197 05/03/2026 02/09/2020 Books Dewey Decimal Classification General Text Book BTH 25/04/2023
        Central University Of Rajasthan Central University Of Rajasthan 12/03/2014 0.00 3 616.9101 A45F 12962 21/11/2024 02/09/2020 Books       06/09/2023